| 000 | 00513 a2200169 4500 | ||
|---|---|---|---|
| 020 | _a9780545343480 | ||
| 020 | _a0545343488 | ||
| 041 | _aspa | ||
| 100 | 1 | 0 | _aKatz, Alan. |
| 245 | 1 | 0 | _aRicky Vargas : el chico mas comico del mundo / Alan Katz ; ilustrado por Stacy Curtis, traducido por Jorge Ignacio Dominguez |
| 260 | _aNew York : Scholastic, 2011. | ||
| 300 |
_a72 pages : illustrations ; _c20 cm |
||
| 440 | _aRick Vargas | ||
| 700 | 1 | 0 | _aCurtis, Stacy |
| 700 | 1 | 0 | _aDominguez, Jorge Ignacio |
| 942 | _cBK | ||
| 999 |
_c2098 _d2098 |
||